| 000 | 00515nam a22001811a 4500 | ||
|---|---|---|---|
| 001 | 860 | ||
| 003 | OSt | ||
| 005 | 20260204211712.0 | ||
| 008 | 040114s1995||||dr ||||||b||||||||||spa|| | ||
| 050 | _aRD 344.01 H43d | ||
| 082 | _aRD 344.01 H431d | ||
| 100 | _aHénandez Contreras, Carlos | ||
| 245 | _aDerechos laborales y sociales en la constitución política dominicana / Carlos Hérnandez Contreras | ||
| 264 | _aSanto Domingo : Centenario. | ||
| 300 | _a63 p. | ||
| 650 | _a1.Derecho LaboralÌ | ||
| 942 |
_2ddc _cBK |
||
| 999 |
_c860 _d860 |
||